Statistics for The 11 Best Children's Books

Click here to take the quiz!

General Stats

  • This quiz has been taken 102 times
  • The average score is 7 of 11

Answer Stats

RankingTitleAuthor% Correct
4Alice's Adventures in WonderlandLewis Carroll
85%
5Little WomenLouisa May Alcott
80%
1Charlotte's WebE. B. White
78%
2The Lion, the Witch and the WardrobeC. S. Lewis
76%
8Charlie and the Chocolate FactoryRoald Dahl
75%
7Winnie-the-PoohA. A. Milne
74%
11Little House on the PrairieLaura Ingalls Wilder
57%
3Where the Wild Things AreMaurice Sendak
43%
6The Little PrinceAntoine de Saint-Exupéry
41%
10A Wrinkle in TimeMadeleine L'Engle
32%
9A Wizard of EarthseaUrsula K. Le Guin
10%

Score Distribution

Percentile by Number Answered

Percent of People with Each Score

Your Score History

You have not taken this quiz